|
|
|
|
| LEADER |
00000nam0a2200000 4500 |
| 001 |
108220 |
| 005 |
20231101214802.0 |
| 010 |
|
|
|a 5786007286
|
| 035 |
|
|
|a (RuTPU)RU\TPU\book\116815
|
| 035 |
|
|
|a RU\TPU\book\71340
|
| 090 |
|
|
|a 108220
|
| 100 |
|
|
|a 20070117d1992 m y0rusy50 ca
|
| 101 |
1 |
|
|a rus
|c eng
|
| 102 |
|
|
|a BY
|
| 105 |
|
|
|a y z 000ay
|
| 200 |
1 |
|
|a Любовник леди Чаттерлей
|e роман
|e пер. с англ.
|f Д. Г. Лоуренс
|
| 210 |
|
|
|a Минск
|c Ураджай
|d 1992
|
| 215 |
|
|
|a 304 с.
|
| 610 |
1 |
|
|a английская литература
|
| 610 |
1 |
|
|a романы
|
| 610 |
1 |
|
|a любовь
|
| 675 |
|
|
|a 82
|v 3
|
| 700 |
|
1 |
|a Лоренс (Лоуренс)
|b Д. Г.
|c английский писатель
|f 1885-1930
|g Дейвид (Дэвид) Герберт
|2 stltpush
|3 (RuTPU)RU\TPU\pers\19063
|9 7184
|
| 801 |
|
1 |
|a RU
|b 63413507
|c 20040910
|g PSBO
|
| 801 |
|
2 |
|a RU
|b 63413507
|c 20070821
|g PSBO
|
| 942 |
|
|
|c BK
|